[Event "13. Bayer Open"]
[Site "Leverkusen"]
[Date "2015.03.23"]
[Round "7.46"]
[White "van Hove, Ode"]
[Black "Kinnert, Reinhard"]
[Result "0-1"]
[WhiteElo "1461"]
[BlackElo "1581"]
[PlyCount "68"]
[EventDate "2015.??.??"]
[WhiteTeam "SV Schewe Torm/Derendorf"]
[BlackTeam "TV Witzhelden"]

1. e4 c5 2. d4 cxd4 3. c3 dxc3 4. Nxc3 e6 5. Nf3 Nc6 6. Bc4 Na5 7. Bd3 a6 8.
O-O Be7 9. Qe2 h6 10. Bc2 b5 11. Rd1 Nf6 12. e5 Nh7 13. Ne4 Ng5 14. Nd6+ Bxd6
15. exd6 Bb7 16. Ne1 Qb6 17. Be3 Qc6 18. Bf4 Nh3+ 19. Kf1 Nxf4 20. Qg4 g5 21.
Rac1 Nd5 22. Qd4 Qc4+ 23. Qxc4 Nxc4 24. b3 Nxd6 25. Nd3 Rc8 26. b4 O-O 27. a3
Rc7 28. Nc5 a5 29. Bb3 Rfc8 30. Bxd5 Bxd5 31. Rc3 axb4 32. axb4 Ne4 33. Rh3
Bc4+ 34. Kg1 Nxc5 0-1

[Event "13. Bayer Open"]
[Site "Leverkusen"]
[Date "2015.03.23"]
[Round "7.47"]
[White "Wehr, Günter"]
[Black "Azimi, Reza"]
[Result "0-1"]
[WhiteElo "1511"]
[BlackElo "1364"]
[PlyCount "74"]
[EventDate "2015.??.??"]
[WhiteTeam "SV Opladen"]
[BlackTeam "Schachuzipus Köln-Mülheim"]

1. d4 d5 2. c4 e6 3. Nc3 Nf6 4. Nf3 c5 5. cxd5 exd5 6. e3 a6 7. dxc5 Bxc5 8.
Qa4+ Nc6 9. a3 Bd7 10. Qb3 Na5 11. Qc2 Bd6 12. Nd4 O-O 13. Bd3 Rc8 14. O-O Qc7
15. f4 g6 16. Qf2 b5 17. Bd2 Nc4 18. Rac1 Qd8 19. f5 Bxh2+ 20. Kh1 Be5 21. Nf3
Bb8 22. e4 Nxd2 23. Nxd2 Qc7 24. Nf3 Ng4 25. Qh4 h5 26. Nxd5 Qxc1 27. Ne7+ Kg7
28. Rxc1 Rxc1+ 29. Ng1 Ba7 30. f6+ Kh6 31. Nf5+ Bxf5 32. Qh2 Nxh2 33. Kxh2
Bxg1+ 34. Kg3 Bg4 35. e5 Re8 36. Kf4 Be6 37. b4 Rc3 {Restliche Notation unklar.
} 0-1

[Event "13. Bayer Open"]
[Site "Leverkusen"]
[Date "2015.03.23"]
[Round "7.48"]
[White "Fried, Hans-Joachim"]
[Black "Johann, Hans Werner"]
[Result "1/2-1/2"]
[WhiteElo "1467"]
[BlackElo "1317"]
[PlyCount "31"]
[EventDate "2015.??.??"]
[WhiteTeam "TV Witzhelden"]
[BlackTeam "TV Witzhelden"]

1. e4 c5 2. g3 a6 3. f4 d6 4. d3 g6 5. Bd2 Bg7 6. Bc3 Nf6 7. Bh3 O-O 8. Qf3 Nc6
9. Bxc8 Rxc8 10. Ne2 e5 11. f5 Nd4 12. Bxd4 cxd4 13. c4 Qa5+ 14. Nd2 b5 15. b3
bxc4 16. dxc4 1/2-1/2

[Event "13. Bayer Open"]
[Site "Leverkusen"]
[Date "2015.03.23"]
[Round "7.49"]
[White "Roder, Stephan"]
[Black "Hoferichter, Michael"]
[Result "1/2-1/2"]
[WhiteElo "1369"]
[BlackElo "1302"]
[PlyCount "73"]
[EventDate "2015.??.??"]
[WhiteTeam "TSV Bergisch Gladbach"]
[BlackTeam "Klub Kölner SF"]

1. d4 d5 2. Bf4 Nf6 3. e3 Bg4 4. Be2 Bxe2 5. Nxe2 e6 6. Nd2 Nbd7 7. O-O c5 8.
c3 Be7 9. Bg3 O-O 10. Nf4 Qb6 11. b3 e5 12. dxe5 Nxe5 13. Nxd5 Nxd5 14. Bxe5 f6
15. Nc4 Qe6 16. e4 Nb6 17. Nxb6 Rad8 18. Nd5 Qxe5 19. Nxe7+ Qxe7 20. Qc2 Rfe8
21. f3 Qe5 22. Rad1 g6 23. Rde1 Re7 24. f4 Qc7 25. g3 h5 26. Re2 Kg7 27. Rd1
Rxd1+ 28. Qxd1 c4 29. b4 h4 30. Qc2 h3 31. Rd2 Qb6+ 32. Kf1 Qe3 33. Rd4 Qf3+
34. Kg1 Qe3+ 35. Kf1 Qf3+ 36. Kg1 Qe3+ 37. Kf1 1/2-1/2

[Event "13. Bayer Open"]
[Site "Leverkusen"]
[Date "2015.03.23"]
[Round "7.52"]
[White "Teuber, Alfons"]
[Black "Haag, Helmut"]
[Result "0-1"]
[WhiteElo "1057"]
[BlackElo "1498"]
[PlyCount "66"]
[EventDate "2015.??.??"]
[WhiteTeam "BSW Opladen"]
[BlackTeam "Langenfelder SF"]

1. e4 c5 2. Bc4 Nc6 3. Nf3 e6 4. a3 d5 5. exd5 exd5 6. Qe2+ Be7 7. Ba2 Nf6 8.
Ne5 Nd4 9. Qd1 Qd6 10. Nf3 Qe6+ 11. Kf1 Qa6+ 12. d3 Bg4 13. c3 Nxf3 14. gxf3
Bf5 15. c4 d4 16. a4 Qe6 17. Qe2 Qd7 18. a5 O-O 19. Na3 Rfe8 20. Nb5 Bh3+ 21.
Ke1 Bd8 22. Qxe8+ Qxe8+ 23. Kd1 a6 24. Re1 Qc6 25. Nxd4 cxd4 26. b4 Qxf3+ 27.
Kc2 Bf5 28. Be3 dxe3 29. fxe3 Qf2+ 30. Kc3 Qxh2 31. c5 Bc7 32. Rf1 Be5+ 33. d4
Qc2# 0-1

[Event "13. Bayer Open"]
[Site "Leverkusen"]
[Date "2015.03.23"]
[Round "7.53"]
[White "Barche, Uwe"]
[Black "Holz, Peter"]
[Result "0-1"]
[WhiteElo "1244"]
[BlackElo "1392"]
[PlyCount "88"]
[EventDate "2015.??.??"]
[WhiteTeam "SG Solingen"]
[BlackTeam "Pulheimer SC"]

1. c4 b6 2. Nc3 Bb7 3. e4 e5 4. Nge2 Nf6 5. g3 Nxe4 6. Nxe4 Bxe4 7. Rg1 Bf3 8.
Qc2 Nc6 9. a3 Qf6 10. d3 Bc5 11. Bg2 Bxg2 12. Rxg2 Qf3 13. Kf1 Nd4 14. Nxd4
Bxd4 15. Qe2 Qxe2+ 16. Kxe2 O-O 17. Rb1 Rfe8 18. Be3 Re6 19. Bxd4 exd4+ 20. Kd2
Rae8 21. f4 Re3 22. Rf1 a6 23. Rff2 f6 24. Re2 Rxe2+ 25. Rxe2 Rxe2+ 26. Kxe2 d6
27. f5 Kf7 28. Kf3 b5 29. Ke4 bxc4 30. Kxd4 cxd3 31. Kxd3 Ke7 32. Kc4 Kd7 33.
Kb4 Kc6 34. Ka5 d5 35. Kb4 Kb6 36. a4 a5+ 37. Kc3 c5 38. b3 Kc6 39. Kd3 Kd6 40.
g4 Ke5 41. Ke3 d4+ 42. Kd3 Kf4 43. b4 cxb4 44. Kxd4 Kxg4 0-1